000 00663nam a2200253Ia 4500
003 OSt
005 20221007101517.0
006 a|||||r|||| 00| 0
007 ta
008 221006b |||||||| |||| 00| 0 eng d
024 _a6,574
037 _cTextual
040 _aLCO
_cLCO
_beng
041 _2eng
_aeng
082 _aZ1,215, L1
100 _aVolkov A.A.
_9703094
245 0 _aMaritime Law
260 _aJerusalem
_bKeter Press Israel
_c1971
300 _a162
650 _aMARITIME LAW
_9703095
700 _a Zhudro A.K. Ed.
_9687888
942 _hZ1,215, L1
_cTEXL
999 _c1176137
_d1176137